| 000 | 01189cam a22003375i 4500 | ||
|---|---|---|---|
| 999 |
_c28811 _d28782 |
||
| 001 | 1169502 | ||
| 003 | EG-ScBUE | ||
| 005 | 20200923144729.0 | ||
| 008 | 960418s1995 enkae f b 001 0 eng d | ||
| 020 | _a185490390X | ||
| 020 | _a9781854903907 | ||
| 035 | _a(OCoLC)33049465 | ||
| 040 |
_aNjP _beng _erda _cNjP _dNN _dDLC _dEG-ScBUE |
||
| 043 | _ae-ur-ru | ||
| 082 | 0 | 4 |
_a709.4709041 _bCOO _222 |
| 100 | 1 |
_aCooke, Catherine, _eauthor. |
|
| 245 | 1 | 0 |
_aRussian avant-garde : _btheories of art, architecture, and the city / _cCatherine Cooke. |
| 250 | _aAcademy edition. | ||
| 264 | 1 |
_aLondon : _bAcademy Group LTD., _c1995. |
|
| 300 |
_a208 pages : _billustrations, plans ; _c31 cm |
||
| 336 |
_atext _btxt _2rdacontent |
||
| 337 |
_aunmediated _bn _2rdamedia |
||
| 338 |
_avolume _bnc _2rdacarrier |
||
| 504 | _aIncludes bibliographical references and index. | ||
| 650 | 7 |
_aAvant-garde (Aesthetics) _zRussia (Federation) _xHistory _y20th century. _2BUEsh |
|
| 650 | 7 |
_aArt, Russian _y20th century. _2BUEsh |
|
| 650 | 7 |
_aSocialist realism in art. _2BUEsh |
|
| 650 | 7 |
_aArchitecture _zRussia (Federation) _xHistory _y20th century. _2BUEsh |
|
| 653 |
_bENGARC _cSeptember2020 |
||
| 942 |
_2ddc _cBB |
||